Statistics for Grey's Anatomy

Click here to take the quiz!

General Stats

  • This quiz has been taken 249 times
  • The average score is 10 of 15

Answer Stats

QuestionAnswer% Correct
Who is the shows main character?Meredith Grey
97%
How many seasons are there of Grey's Anatomy? (as of May 2022)18
94%
How many people die in the season eight finale?2
87%
How many sisters does Derek Shepherd have?4
85%
How many wives has Owen Hunt had?3
83%
In what season did Derek Shepherd die?11
82%
What is Meredith Grey's mother's name?Ellis
77%
What is the name of the child Meredith and Derek adopted?Zola
77%
Who does Meredith Grey end up marrying in season seven?Derek Shepherd
72%
In season two, what is the name of the patient Izzie Stevens falls in love with?Denny Duquette
68%
What character told Amelia Shepherd about Derek's death?Owen Hunt
53%
What are the names of all Derek's sisters?Nancy Liz Cathleen Amelia
45%
What five characters is 'MAGIC' composed of?Meredith Grey Alex Karev George O'Malley Izzie Stevens Cristina Yang
38%
What big event took place in the season six finale?The hospital shooting
17%
What was the name of the girl in season 3 who felt no pain?Megan Clover
4%

Score Distribution

Percentile by Number Answered

Percent of People with Each Score

Your Score History

You have not taken this quiz